How To Design, Implement, And Analyse A Survey (Record no. 43515)

MARC details
000 -LEADER
fixed length control field 01038cam a2200325 i 4500
001 - CONTROL NUMBER
control field 22918013
005 - DATE AND TIME OF LATEST TRANSACTION
control field 20250401171812.0
008 - FIXED-LENGTH DATA ELEMENTS--GENERAL INFORMATION
fixed length control field 230104s2023 enk b 001 0 eng
010 ## - LIBRARY OF CONGRESS CONTROL NUMBER
LC control number 2023930158
020 ## - INTERNATIONAL STANDARD BOOK NUMBER
International Standard Book Number 9781800376168
020 ## - INTERNATIONAL STANDARD BOOK NUMBER
Canceled/invalid ISBN 9781800376175
041 ## - LANGUAGE CODE
Language code of text/sound track or separate title eng
042 ## - AUTHENTICATION CODE
Authentication code pcc
082 ## - DEWEY DECIMAL CLASSIFICATION NUMBER
Classification number 338.0954 ARU
100 1# - MAIN ENTRY--PERSONAL NAME
Author Arundel, Anthony,
245 10 - TITLE STATEMENT
Title How To Design, Implement, And Analyse A Survey
300 ## - PHYSICAL DESCRIPTION
Extent 162 pages ;
Dimensions 25 cm
504 ## - BIBLIOGRAPHY, ETC. NOTE
Bibliography, etc. note Includes bibliographical references (pages 134-140) and index.
650 #0 - SUBJECT ADDED ENTRY--TOPICAL TERM
Subject Industrial surveys;
650 #0 - SUBJECT ADDED ENTRY--TOPICAL TERM
Subject Questionnaires.
650 #0 - SUBJECT ADDED ENTRY--TOPICAL TERM
Subject Business
650 #0 - SUBJECT ADDED ENTRY--TOPICAL TERM
Subject Management
942 ## - ADDED ENTRY ELEMENTS (KOHA)
Koha item type Books
264 #1 - PRODUCTION, PUBLICATION, DISTRIBUTION, MANUFACTURE, AND COPYRIGHT NOTICE
Place of production, publication, distribution, manufacture Cheltenham, UK ;
-- Northampton, MA, USA :
Name of producer, publisher, distributor, manufacturer Edward Elgar Publishing,
Date of production, publication, distribution, manufacture, or copyright notice [2023]
336 ## - CONTENT TYPE
Content type term text
Source rdacontent
337 ## - MEDIA TYPE
Media type term unmediated
Source rdamedia
338 ## - CARRIER TYPE
Carrier type term volume
Source rdacarrier
906 ## - LOCAL DATA ELEMENT F, LDF (RLIN)
a 7
b cbc
c origres
d 2
e ncip
f 20
g y-gencatlg
Holdings
Withdrawn status Lost status Source of classification or shelving scheme Damaged status Not for loan Home library Current library Shelving location Accession Date Vendor Price Total Checkouts Full call number Barcode No Date last seen Discount Bill Date Koha item type Suggested By
    Dewey Decimal Classification     IMTN IMTN Rack 13-A 03/26/2025 Raghav Books Private Limited 8347.50   338.0954 ARU 33796 04/01/2025 33 02/14/2025 Books Dr. Mantha Raghu (Head Librarian)
Designed & Maintained by: LRC IMT Nagpur Contact: lrc@imtnag.ac.in© 2024. All Rights Reserved.